Strategické plánování kvality

Portfóliová matica kvality výrobku. Trhová pozícia výrobku. Dynamika zmien technologických princípov. Portfóliová matica kvality výrobného procesu. Interpretácia portfóliových matíc.

Guardado en:
Detalles Bibliográficos
Autor principal: Nováková, Renáta
Formato: Capítulo de libro
Lenguaje:checo
Materias:
Etiquetas: Agregar Etiqueta
Sin Etiquetas, Sea el primero en etiquetar este registro!

MARC

LEADER 00000naa$a2200000$$$4500
001 0038826
005 20231106123245.6
041 0 |a cze 
044 |a CZ 
245 1 0 |a Strategické plánování kvality  |c Renáta Nováková 
520 |a Portfóliová matica kvality výrobku. Trhová pozícia výrobku. Dynamika zmien technologických princípov. Portfóliová matica kvality výrobného procesu. Interpretácia portfóliových matíc. 
610 2 0 |a plánovanie strategické 
610 2 0 |a výrobky 
610 2 0 |a kvalita výrobkov 
610 2 0 |a proces výrobný 
610 2 0 |a technológia výroby 
610 2 0 |a konkurencia 
610 2 0 |a trh 
610 2 0 |a matice 
100 1 |a Nováková, Renáta